| 000 | 01899cam a2200421 a 4500 | ||
|---|---|---|---|
| 999 |
_c331134 _d331134 |
||
| 001 | 16334943 | ||
| 003 | NUST | ||
| 005 | 20170918132240.0 | ||
| 008 | 100715s2010 pk ab 000 0durd | ||
| 010 | _a 2010342074 | ||
| 020 | _a9789695620816 | ||
| 025 | _aP-U-2010342074; 30 | ||
| 040 |
_aDLC _cDLC |
||
| 042 | _alcode | ||
| 043 | _aa-pk--- | ||
| 050 | 0 | 0 |
_aDS392.B28 _bM36 2010 |
| 066 |
_c(3 _c(4 |
||
| 082 |
_a923.3555491 _bMAR |
||
| 100 | 1 |
_6880-01 _aMarī, Mīr Sher Muḥammad, _d-1993. _94626 |
|
| 245 | 1 | 0 |
_6880-02 _aBalūcistān kā gorīlā rahnumā Janral Shīrof / _cmurattib, Manṣūr Qādir Jūnejo. |
| 246 | 3 | 0 |
_6880-03 _aJanral Shīrof |
| 250 | _a[New ed.]. | ||
| 260 |
_6880-04 _aLāhaur : _bFikshan Hāʼūs, _c2010. |
||
| 300 |
_a142 p. : _bill., map; _c22 cm. |
||
| 520 | _aCollected interviews of Mīr Sher Muḥammad Marī, Baloch Nationalist leader, chiefly on political crisis in Balochistān, Pakistan. | ||
| 546 | _aIn Urdu. | ||
| 600 | 1 | 0 |
_6880-05 _aMarī, Mīr Sher Muḥammad, _d-1993 _vInterviews. _94627 |
| 650 | 0 |
_aNationalists _zPakistan _zBalochistān _vInterviews. _94628 |
|
| 651 | 0 |
_aBalochistān (Pakistan) _xPolitics and government. _93937 |
|
| 700 | 1 |
_6880-06 _aJuṇejo, Manṣuru Qādiru. _94629 |
|
| 880 | 1 |
_6100-01/(3/r _aمرى، مير شير محمّد، _dd.1993. |
|
| 880 | 1 | 0 |
_6245-02/(3/r _aبلوچستان کا گوريلا رهنما جنرل شيروف / _cمرتّب، منصور قادر جونيجو. |
| 880 | 3 | 0 |
_6246-03/(3/r _aجنرل شيروف |
| 880 |
_6260-04/(3/r _aلاهور : _bفکشن هاؤس، _c2010. |
||
| 880 | 1 |
_6600-05/(3/r _aمرى، مير شير محمّد، _dd.1993 _vInterviews. |
|
| 880 | 1 |
_6700-06/(3/r _aجونيجو، منصور قادر. |
|
| 906 |
_a7 _bcbc _corigode _d3 _encip _f20 _gy-nonroman |
||
| 942 |
_2ddc _cBK |
||